000 00530nam a2200169Ia 4500
008 090711s9999 xx 000 0 und d
082 _b74495
100 _aशेळके शान्ता ज.
245 _aआवड निवड
260 _bज्ञानदा पब्लिकेशन
_c1994
300 _a198
600 _aशेळके शान्ता ज.
630 _aआवड निवड
700 _aशेळके शान्ता ज.
730 _aआवड निवड
942 _cBOOK
999 _c331699
_d331699